Онтогенетический аспект психологической диагностики и коррекции аномального развития личности (Запись № 637197)

Подробности
000 -МАРКЕР
контрольное поле 01572nam0a2200349 4500
001 - ИДЕНТИФИКАТОР ЗАПИСИ
контрольное поле RU\NLR\bibl\114662
005 - ИДЕНТИФИКАТОР ВЕРСИИ
контрольное поле 20250617093826.0
010 ## - МЕЖДУНАРОДНЫЙ СТАНДАРТНЫЙ НОМЕР КНИГИ (ISBN)
Номер (ISBN) 5-233-00223-X
Тираж 1000
021 ## - НОМЕР ГОСУДАРСТВЕННОЙ РЕГИСТРАЦИИ
Код страны Российская Федерация
Номер 2003-47822
Номер Листа государственной регистраци 2298
035 ## - ДРУГИЕ СИСТЕМНЫЕ НОМЕРА
Идентификатор записи (NLR Aleph) 000112268
100 ## - ДАННЫЕ ОБЩЕЙ ОБРАБОТКИ
Данные общей обработки 20001025d2000 |||y0rusy50 ca
101 0# - ЯЗЫК РЕСУРСА
Язык текста, звукозаписи и т.д. русский
Язык резюме английский
102 ## - СТРАНА ПУБЛИКАЦИИ ИЛИ ПРОИЗВОДСТВА
Страна публикации Российская Федерация
105 ## - ПОЛЕ КОДИРОВАННЫХ ДАННЫХ: ТЕКСТОВЫЕ МАТЕРИАЛЫ, МОНОГРАФИЧЕСКИЕ
Кодированные данные о монографическом текстовом документе a |||||||||
200 1# - ЗАГЛАВИЕ И СВЕДЕНИЯ ОБ ОТВЕТСТВЕННОСТИ
Основное заглавие Онтогенетический аспект психологической диагностики и коррекции аномального развития личности
Сведения, относящиеся к заглавию На материале исслед. детей и подростков
Первые сведения об ответственности В.А. Худик
Последующие сведения об ответственности Рос. гос. пед. ун-т им. А.И. Герцена
210 ## - ПУБЛИКАЦИЯ, РАСПРОСТРАНЕНИЕ И ДР.
Место издания, распространения и т.д. СПб.
Имя издателя, распространителя и т. д. Образование
Дата издания, распространения и т.д. 2000
215 ## - ФИЗИЧЕСКАЯ ХАРАКТЕРИСТИКА
Специфическое обозначение материала и объем 298,[1] с.
Другие сведения о физической характеристике ил.
Размеры 20
300 ## - ОБЩИЕ ПРИМЕЧАНИЯ
Текст примечания Рез. на англ. яз.
320 ## - ПРИМЕЧАНИЯ О НАЛИЧИИ В ДОКУМЕНТЕ БИБЛИОГРАФИИ / УКАЗАТЕЛЯ
Текст примечания Библиогр.: с. 270-295 (480 назв.)
606 0# - НАИМЕНОВАНИЕ ТЕМЫ КАК ПРЕДМЕТ
Наименование темы Аномальные дети
Тематический подзаголовок Психологические исследования
Системный номер авторитетной/нормативной записи 2620538
Идентификатор авторитетной/нормативной записи RU\NLR\auth\661557098
606 1# - НАИМЕНОВАНИЕ ТЕМЫ КАК ПРЕДМЕТ
Наименование темы Дети с ограниченными возможностями здоровья
Тематический подзаголовок Психологические исследования
Системный номер авторитетной/нормативной записи 998963
Идентификатор авторитетной/нормативной записи RU\NLR\auth\6660759
686 ## - ИНДЕКСЫ ДРУГИХ КЛАССИФИКАЦИЙ
Индекс Ю948.2
700 #1 - ИМЯ ЛИЦА - ПЕРВИЧНАЯ ОТВЕТСТВЕННОСТЬ
Начальный элемент ввода Худик
Часть имени, кроме начального элемента ввода В. А.
Расширение инициалов личного имени Владимир Александрович
Код отношения Автор
801 #0 - ИСТОЧНИК ЗАПИСИ
Страна Российская Федерация
Организация NLR
Дата составления 20001025
Правила каталогизации PSBO
801 #1 - ИСТОЧНИК ЗАПИСИ
Страна Российская Федерация
Организация NLR
Дата составления 20001025
830 ## - ОБЩЕЕ ПРИМЕЧАНИЕ, СОСТАВЛЕННОЕ КАТАЛОГИЗАТОРОМ
Текст примечания Авт. по кн.
852 ## - МЕСТОНАХОЖДЕНИЕ И ШИФР ХРАНЕНИЯ
Идентификатор организации NLR
Шифр хранения (Call Number) 2000-3/12407
942 ## - ДОПОЛНИТЕЛЬНЫЕ ЭЛЕМЕНТЫ ЗАПИСИ (АБИС)
Тип экземпляра АБИС Книга
980 ## - КОЛЛЕКЦИЯ
Название коллекции Национальная библиография
Экземпляры
Тип экземпляра Дата поступления Источник поступления Библиотека постоянного хранения Библиотека текущего хранения Место хранения Шифр хранения Штрих-код Статус экземпляра Стоимость
Книга 01.08.2003 Контрольный экземпляр из типографии РНБ (Московский) РНБ (Московский) Русский книжный фонд: издания с 1957 года 2000-3/12407 1-3059737    
Книга 26.11.2003 Обязательный экземпляр РНБ (Московский) РНБ (Московский) Обменный фонд   594175    
Книга 04.08.2004 Дар РНБ (Московский) РНБ (Московский) Обменный фонд   732319    
Книга 25.10.2000 Дар РНБ (Московский) РНБ (Московский) Русский книжный фонд: издания с 1957 года 2000-3/12407 76097    
Книга 16.09.2019 Дар РНБ (Садовая) РНБ (Садовая) Фонд международного книгообмена   1-2727112 Доставлен в Фoнд 150.00
Книга 16.09.2019 Дар РНБ (Садовая) РНБ (Садовая) Фонд международного книгообмена   1-2727111 Доставлен в Фoнд 150.00